Baška je tichý pragmatik nový minister má minimum skúseností v rezorte, kde sa krútia miliardy

Bibliographic Details
Main Authors: Vagovič, Marek, 1974- (Author), Glevická, Marcela (Author)
Format: Article
Language:Slovak
PhysicalDescription:Fotogr.
ISSN:1335-440X
Subjects:

MARC

LEADER 00000nab a2200000 ar4500
001 vtls009190273
003 SK-MaSNL
005 20260304230630.0
008 080310c20080131xo dr|p|||||||000 b|slo
015 |a SNBRB2008/03  |2 snkbucl 
040 |a SNKBUCL  |b slo  |c SNKBUCL  |e AACR2 
041 0 |a slo 
044 |a xo  |c SK 
080 |a 32-051  |2 2001 
080 |a 342.518  |x (437.6)  |2 2001 
080 |a 354.61  |x (437.6)  |2 2001 
100 1 |a Vagovič, Marek,  |d 1974-  |4 aut  |9 165297 
245 1 0 |a Baška je tichý pragmatik  |b nový minister má minimum skúseností v rezorte, kde sa krútia miliardy  |c Marek Vagovič, Marcela Glevická 
300 |b Fotogr. 
500 |a Od 15.1.2007 návrat k pôvodnému vročeniu 
600 1 7 |a Baška, Jaroslav,  |d 1975-  |2 snkbucl  |9 93363 
610 1 7 |a Slovensko.  |b Ministerstvo obrany  |2 snkbucl  |9 114952 
700 1 |a Glevická, Marcela  |4 aut  |9 696295 
773 0 |t Sme  |g Roč. 16, č. 26 (31.1.2008), s. 3  |x 1335-440X 
852 |a SNK  |b KIS3GCP 
958 |a SK 
999 |c 3184021  |d 3185951